000 00435nam a2200169Ia 4500
008 230524s9999 xx 000 0 und d
020 _a8174090479
082 _a627
_bGAR
100 _aSantosh Kumar Garg
245 0 _aIrrigation Engineering And Hydraulic Structures
250 _a1
260 _aNew Delhi
_bKhanna Publishers
_c2014
300 _a"XXV,1265p;"
500 _aQuantity Number: 52
650 _aCivil
942 _cBK
999 _c55363
_d55363